| 000 -LEADER |
| fixed length control field |
01659cam a2200397 a 4500 |
| 001 - CONTROL NUMBER |
| control field |
13682996 |
| 003 - CONTROL NUMBER IDENTIFIER |
| control field |
NUST |
| 005 - DATE AND TIME OF LATEST TRANSACTION |
| control field |
20221028160344.0 |
| 008 - FIXED-LENGTH DATA ELEMENTS--GENERAL INFORMATION |
| fixed length control field |
040810s2004 nyu 000 1 eng |
| 010 ## - LIBRARY OF CONGRESS CONTROL NUMBER |
| LC control number |
2004051201 |
| 020 ## - INTERNATIONAL STANDARD BOOK NUMBER |
| International Standard Book Number |
0752864122 (pbk.) |
| 040 ## - CATALOGING SOURCE |
| Original cataloging agency |
DLC |
| Transcribing agency |
DLC |
| Modifying agency |
DLC |
| 050 00 - LIBRARY OF CONGRESS CALL NUMBER |
| Classification number |
PS3612.A65 |
| Item number |
R627 2004 |
| 082 00 - DEWEY DECIMAL CLASSIFICATION NUMBER |
| Classification number |
813.54 |
| Author Mark |
LAR |
| 100 1# - MAIN ENTRY--PERSONAL NAME |
| Personal name |
Larkin, Patrick. |
| 9 (RLIN) |
101676 |
| 245 10 - TITLE STATEMENT |
| Title |
Robert Ludlum's The Lazarus vendetta : |
| Remainder of title |
a covert-one novel / |
| Statement of responsibility, etc. |
written by Patrick Larkin. |
| 246 30 - VARYING FORM OF TITLE |
| Title proper/short title |
Lazarus vendetta |
| 250 ## - EDITION STATEMENT |
| Edition statement |
1st ed. |
| 260 ## - PUBLICATION, DISTRIBUTION, ETC. |
| Place of publication, distribution, etc. |
New York : |
| Name of publisher, distributor, etc. |
St. Martin's Griffin, |
| Date of publication, distribution, etc. |
2004. |
| 300 ## - PHYSICAL DESCRIPTION |
| Extent |
409 p. ; |
| Dimensions |
24 cm. |
| 490 1# - SERIES STATEMENT |
| Series statement |
The Covert-One novels |
| 500 ## - GENERAL NOTE |
| General note |
"Series created by Robert Ludlum." |
| 650 #0 - SUBJECT ADDED ENTRY--TOPICAL TERM |
| Topical term or geographic name entry element |
Anti-globalization movement |
| Form subdivision |
Fiction. |
| 9 (RLIN) |
101677 |
| 650 #0 - SUBJECT ADDED ENTRY--TOPICAL TERM |
| Topical term or geographic name entry element |
Intelligence officers |
| Form subdivision |
Fiction. |
| 9 (RLIN) |
11782 |
| 650 #0 - SUBJECT ADDED ENTRY--TOPICAL TERM |
| Topical term or geographic name entry element |
Undercover operations |
| Form subdivision |
Fiction. |
| 9 (RLIN) |
101678 |
| 650 #0 - SUBJECT ADDED ENTRY--TOPICAL TERM |
| Topical term or geographic name entry element |
Nanotechnology |
| Form subdivision |
Fiction. |
| 9 (RLIN) |
101679 |
| 655 #7 - INDEX TERM--GENRE/FORM |
| Genre/form data or focus term |
Suspense fiction. |
| Source of term |
gsafd |
| 700 1# - ADDED ENTRY--PERSONAL NAME |
| Personal name |
Ludlum, Robert, |
| Dates associated with a name |
1927-2001. |
| 9 (RLIN) |
10844 |
| 800 1# - SERIES ADDED ENTRY--PERSONAL NAME |
| Personal name |
Ludlum, Robert, |
| Dates associated with a name |
1927-2001. |
| Title of a work |
Covert-One novels. |
| 9 (RLIN) |
10851 |
| 856 42 - ELECTRONIC LOCATION AND ACCESS |
| Materials specified |
Contributor biographical information |
| Uniform Resource Identifier |
<a href="http://www.loc.gov/catdir/bios/hol055/2004051201.html">http://www.loc.gov/catdir/bios/hol055/2004051201.html</a> |
| 856 42 - ELECTRONIC LOCATION AND ACCESS |
| Materials specified |
Publisher description |
| Uniform Resource Identifier |
<a href="http://www.loc.gov/catdir/description/hol053/2004051201.html">http://www.loc.gov/catdir/description/hol053/2004051201.html</a> |
| 856 41 - ELECTRONIC LOCATION AND ACCESS |
| Materials specified |
Sample text |
| Uniform Resource Identifier |
<a href="http://www.loc.gov/catdir/enhancements/fy0618/2004051201-s.html">http://www.loc.gov/catdir/enhancements/fy0618/2004051201-s.html</a> |
| 906 ## - LOCAL DATA ELEMENT F, LDF (RLIN) |
| a |
7 |
| b |
cbc |
| c |
orignew |
| d |
1 |
| e |
ocip |
| f |
20 |
| g |
y-gencatlg |
| 942 ## - ADDED ENTRY ELEMENTS (KOHA) |
| Source of classification or shelving scheme |
|
| Koha item type |
Book |